ARRUPE JESUIT UNIVERSITY

CORONAVIRUS -STOP THE SPREAD - CLEAN,DISINFECT,COVER
Normal view MARC view

Entry Personal Name

Number of records used in: 1

001 - CONTROL NUMBER

  • control field: 21963

003 - CONTROL NUMBER IDENTIFIER

  • control field: ARRUPE

005 - DATE AND TIME OF LATEST TRANSACTION

  • control field: 20160203120115.0

008 - FIXED-LENGTH DATA ELEMENTS

  • fixed length control field: 160203|| aca||aabn | a|a d

040 ## - CATALOGING SOURCE

  • Original cataloging agency: ARRUPE
  • Transcribing agency: ARRUPE

100 ## - HEADING--PERSONAL NAME

  • Personal name: Todd, John A.
  • Fuller form of name: (John Aiton),
  • Dates associated with a name: 1875-

670 ## - SOURCE DATA FOUND

  • Source citation: Work cat.: (ARRUPE)0: Todd, John A. (John Aiton), 1875-, The banks of the Nile,, 1913.

 

Arrupe Library. PO Box MP320 Mt Pleasant, Harare, Zimbabwe
263 242 745411|librarian@aju.ac.zw